000 00791nam a22002297a 4500
999 _c61152
_d61152
005 20190925143445.0
010 _aB-480663-677
020 _a9788124309261
_c50.00
035 _aB-480663-677
037 _adpl
_bBlue Berry/Ven
082 _aS
100 _aJoshi, Yogesh
245 _aHitopadesh 5 /
_cby Yogesh Joshi; illustrated by Mahendra Mistry
260 _aMumbai
_bNavneet Publications,
_c200?
270 _aBhavani Shankar Road, Dadar
_bMumbai
_e400028
300 _a31p
_bill (col)
_c28 cm (Pbk)
490 _aClassic literature for children
_v5
500 _aset of 5 books
700 _aMistry Mahendra
_939552
942 _2ddc
_cCH
_hS
_mJOS